Welcome to the Holygrace Academy Library

Please use search bar below to get started

WAITING FOR THE MAHATMA (Record no. 3658)

MARC details
000 -LEADER
fixed length control field 00622nam a22001457a 4500
020 ## - INTERNATIONAL STANDARD BOOK NUMBER
ISBN 9788185986067
082 ## - DEWEY DECIMAL CLASSIFICATION NUMBER
Classification number 823
Item number NAR/W
100 ## - MAIN ENTRY--AUTHOR NAME
Personal name NARAYAN, R K
245 ## - TITLE STATEMENT
Title WAITING FOR THE MAHATMA
260 ## - PUBLICATION, DISTRIBUTION, ETC. (IMPRINT)
Place of publication CHENNAI
Name of publisher INDIAN THOUGHT PUBLICATIONS
Year of publication 2010
300 ## - PHYSICAL DESCRIPTION
Number of Pages 256
520 ## - SUMMARY, ETC.
Summary, etc Sriram is a high school graduate who lives with his grandmother in Malgudi, the fictional Southern Indian town in which much of Narayan's fiction takes place. Sriram is attracted to Bharati, a girl of his age who is active in Mahatma Gandhi's Quit India movement, and he becomes an activist himself.
650 ## - SUBJECT ADDED ENTRY--TOPICAL TERM
Topical Term NOVEL
Geographic subdivision INDIA
942 ## - ADDED ENTRY ELEMENTS (KOHA)
Koha item type Books
Holdings
Withdrawn status Lost status Collection code Home library Current library Shelving location Date acquired Source of acquisition Cost, normal purchase price Full call number Accession Number Koha item type
    Fiction Main Library Main Library SHELF-14-I- ALPHABETICAL N,O --ENGLISH NOVELS & FICTIONS 16/08/2011 purchase 120.00 823 NAR/W 04782 Books